[Event "Chess24 Banter Final 2020"]
[Site "chess24.com INT"]
[Date "2020.09.22"]
[Round "1.3"]
[White "Giri, A."]
[Black "Svidler, P."]
[Result "1-0"]
[WhiteElo "2764"]
[BlackElo "2723"]
[PlyCount "35"]
[EventDate "2020.09.21"]
[EventType "match (blitz)"]
[EventRounds "9"]
[SourceTitle "The Week in Chess 1351"]
[Source "Mark Crowther"]
[SourceDate "2020.09.28"]
[SourceVersion "1"]
[SourceVersionDate "2020.09.28"]
[SourceQuality "2"]

1. Nf3 g6 2. e4 Nf6 3. e5 Nh5 4. d4 d6 5. Bc4 Nc6 6. Qe2 Bg7 7. O-O dxe5 8.
dxe5 Nd4 9. Bxf7+ Kxf7 10. Qc4+ Be6 11. Ng5+ Ke8 12. Nxe6 Nxe6 13. Qxe6 Qd4 14.
Qb3 b6 15. e6 Nf4 16. Qb5+ Kf8 17. Nc3 Nxg2 18. Qc6 1-0

[Event "Carlsen Inv Prelim"]
[Site "chess24.com INT"]
[Date "2020.04.26"]
[Round "5.3"]
[White "Giri, A."]
[Black "Carlsen, M."]
[Result "1/2-1/2"]
[WhiteElo "2764"]
[BlackElo "2863"]
[PlyCount "139"]
[EventDate "2020.04.18"]
[EventType "tourn (rapid)"]
[EventRounds "7"]
[EventCategory "22"]
[SourceTitle "The Week in Chess 1329"]
[Source "Mark Crowther"]
[SourceDate "2020.04.27"]
[SourceVersion "1"]
[SourceVersionDate "2020.04.27"]
[SourceQuality "2"]

1. d4 Nf6 2. c4 g6 3. Nc3 d5 4. cxd5 Nxd5 5. e4 Nxc3 6. bxc3 Bg7 7. Bc4 c5 8.
Ne2 Nc6 9. Be3 O-O 10. O-O Bg4 11. f3 Na5 12. Bxf7+ Rxf7 13. fxg4 Rxf1+ 14.
Kxf1 Qd6 15. e5 Qd5 16. Ng1 Nc4 17. Qe2 cxd4 18. cxd4 b5 19. Nf3 a5 20. Bg5 Rf8
21. Rd1 e6 22. h4 a4 23. Kg1 b4 24. h5 b3 25. axb3 axb3 26. hxg6 h6 27. Bf6
Bxf6 28. exf6 Rxf6 29. Ne5 Nxe5 30. dxe5 Qc5+ 31. Kh1 Rf8 32. Rf1 Rxf1+ 33.
Qxf1 Qe7 34. Qb5 Kg7 35. Qxb3 Qh4+ 36. Kg1 Qxg4 37. Qd3 h5 38. Qd8 Qf5 39. Qd6
Kxg6 40. g3 Qb1+ 41. Kh2 Qc2+ 42. Kh3 Qc4 43. Qd1 Qe4 44. Qa1 Kf5 45. Qd1 Kg6
46. g4 Qe3+ 47. Kh4 Qf2+ 48. Kh3 Qe3+ 49. Kh4 Qg5+ 50. Kh3 Qxe5 51. Qd3+ Kh6
52. gxh5 Kxh5 53. Kg2 Kg4 54. Qf3+ Kg5 55. Qg3+ Kf5 56. Qf3+ Qf4 57. Qh5+ Ke4
58. Qe2+ Qe3 59. Qc4+ Kf5 60. Qb5+ Kf4 61. Qf1+ Kg5 62. Qc4 e5 63. Qg8+ Kf4 64.
Qf7+ Ke4 65. Qb7+ Kd3 66. Qb3+ Ke2 67. Qb2+ Kd3 68. Qb3+ Ke4 69. Qb7+ Kd3 70.
Qb3+ 1/2-1/2

[Event "Chessable Masters Final 8"]
[Site "chess24.com INT"]
[Date "2020.07.04"]
[Round "3.22"]
[White "Giri, A."]
[Black "Carlsen, M."]
[Result "1/2-1/2"]
[WhiteElo "2764"]
[BlackElo "2863"]
[PlyCount "88"]
[EventDate "2020.06.25"]
[EventType "k.o. (rapid)"]
[EventRounds "3"]
[SourceTitle "The Week in Chess 1339"]
[Source "Mark Crowther"]
[SourceDate "2020.07.06"]
[SourceVersion "1"]
[SourceVersionDate "2020.07.06"]
[SourceQuality "2"]

1. d4 Nf6 2. c4 g6 3. Nc3 d5 4. cxd5 Nxd5 5. Bd2 Bg7 6. e4 Nxc3 7. Bxc3 O-O 8.
Qd2 c5 9. d5 e6 10. Bc4 Bxc3 11. bxc3 exd5 12. Bxd5 Nd7 13. Nf3 Nb6 14. O-O Be6
15. Bxe6 Qxd2 16. Bxf7+ Rxf7 17. Nxd2 Rd8 18. Nb3 c4 19. Nc5 Re8 20. a4 Rc7 21.
a5 Nc8 22. Na4 Rxe4 23. Rfe1 Rxe1+ 24. Rxe1 b5 25. axb6 axb6 26. g4 b5 27. Nb2
Kf7 28. Re5 Nd6 29. Kg2 Re7 30. Rxe7+ Kxe7 31. f4 h5 32. h3 hxg4 33. hxg4 g5
34. Kf3 Kf6 35. Nd1 gxf4 36. Kxf4 Nc8 37. Ne3 Nb6 38. g5+ Kg6 39. Kg4 Nd7 40.
Kf4 Nc5 41. Ke5 Kxg5 42. Nxc4 bxc4 43. Kd4 Na4 44. Kxc4 Nxc3 1/2-1/2

[Event "EU-ch rapid"]
[Site "Warsaw"]
[Date "2010.12.19"]
[Round "9"]
[White "Ivanchuk, Vassily"]
[Black "Kempinski, Robert"]
[Result "1/2-1/2"]
[WhiteElo "2764"]
[BlackElo "2597"]
[PlyCount "112"]
[EventDate "2010.12.18"]
[EventType "swiss (rapid)"]
[EventRounds "13"]
[EventCountry "POL"]
[SourceTitle "CBM 139 Extra"]
[Source "ChessBase"]
[SourceDate "2011.01.05"]
[SourceVersion "1"]
[SourceVersionDate "2011.01.05"]
[SourceQuality "1"]

1. c4 g6 2. g3 Nf6 3. Bg2 d5 4. cxd5 Nxd5 5. Nc3 Nb6 6. d3 c6 7. b3 Bg7 8. Bb2
N8d7 9. Nf3 O-O 10. O-O a5 11. Rb1 Nf6 12. Qc2 h6 13. Rfd1 Be6 14. e4 Qc8 15.
d4 Bh3 16. Bh1 Rd8 17. a4 Qe6 18. Re1 Ne8 19. Ne2 g5 20. Ne5 Nc7 21. Nd3 Na6
22. Bc3 Nb4 23. Nxb4 axb4 24. Bxb4 Bg4 25. Bc3 Bxe2 26. Rxe2 Rxd4 27. Bxd4 Bxd4
28. Bg2 Qf6 29. Kh1 e5 30. Bh3 Qf3+ 31. Kg1 Ra5 32. Bf5 Rc5 33. Qd1 Rc3 34. Rd2
Qxd1+ 35. Rdxd1 Rc2 36. Rf1 Ra2 37. Kh1 c5 38. f4 c4 39. fxg5 hxg5 40. bxc4
Nxc4 41. Rfe1 Nd6 42. Bd7 Bc3 43. Rf1 Nxe4 44. Rxb7 Nf2+ 45. Rxf2 Rxf2 46. Rc7
Bd4 47. a5 Ra2 48. Be8 Ra1+ 49. Kg2 g4 50. Bxf7+ Kf8 51. h3 Rxa5 52. h4 Ra7 53.
Rxa7 Bxa7 54. Be6 e4 55. Bxg4 Bb8 56. Bf5 Bxg3 1/2-1/2

[Event "Chess24 Banter Final 2020"]
[Site "chess24.com INT"]
[Date "2020.09.22"]
[Round "1.7"]
[White "Giri, A."]
[Black "Svidler, P."]
[Result "0-1"]
[WhiteElo "2764"]
[BlackElo "2723"]
[PlyCount "70"]
[EventDate "2020.09.21"]
[EventType "match (blitz)"]
[EventRounds "9"]
[SourceTitle "The Week in Chess 1351"]
[Source "Mark Crowther"]
[SourceDate "2020.09.28"]
[SourceVersion "1"]
[SourceVersionDate "2020.09.28"]
[SourceQuality "2"]

1. Nf3 Nf6 2. c4 c5 3. Nc3 Nc6 4. d4 cxd4 5. Nxd4 e6 6. g3 Qb6 7. Ndb5 Ne5 8.
Bf4 Nfg4 9. e3 a6 10. h3 axb5 11. hxg4 Nxc4 12. Rc1 d5 13. b3 Nd6 14. g5 Bd7
15. Bd3 Rc8 16. Kf1 b4 17. Ne2 Rxc1 18. Qxc1 Be7 19. Qb2 f6 20. gxf6 gxf6 21.
Rxh7 Rxh7 22. Bxh7 e5 23. Bh6 Bf5 24. Bg8 Nf7 25. Bg7 Qc6 26. Qd2 d4 27. Ng1 d3
28. f3 Qc3 29. Ke1 Bc5 30. Bxf7+ Kxf7 31. Bh6 e4 32. fxe4 Bxe4 33. Nh3 Qa1+ 34.
Kf2 Qh1 35. Nf4 Qh2+ 0-1

[Event "Beijing Sportaccord rap"]
[Site "Beijing"]
[Date "2012.12.15"]
[Round "6"]
[White "Mamedyarov, Shakhriyar"]
[Black "Giri, Anish"]
[Result "0-1"]
[WhiteElo "2764"]
[BlackElo "2720"]
[PlyCount "100"]
[EventDate "2012.12.14"]
[EventType "swiss (rapid)"]
[EventRounds "7"]
[EventCountry "CHN"]
[SourceTitle "EXT 2014"]
[Source "ChessBase"]
[SourceDate "2013.11.20"]
[SourceVersion "1"]
[SourceVersionDate "2013.11.20"]
[SourceQuality "1"]

1. d4 Nf6 2. c4 g6 3. Nc3 d5 4. e3 Bg7 5. Nf3 O-O 6. Be2 e6 7. O-O b6 8. b4 Bb7
9. a4 dxc4 10. Bxc4 Nbd7 11. Ba3 Re8 12. Qe2 Nd5 13. Nxd5 exd5 14. Bd3 c6 15.
Rac1 a6 16. b5 axb5 17. axb5 c5 18. dxc5 Rxa3 19. c6 Nc5 20. cxb7 Qb8 21. Bc2
d4 22. Qc4 Rc3 23. Qd5 dxe3 24. fxe3 Qxb7 25. Qxb7 Nxb7 26. Ng5 Bh6 27. Bxg6
Rxc1 28. Bxf7+ Kf8 29. Nxh7+ Kg7 30. Rxc1 Bxe3+ 31. Kf1 Re7 32. Rc6 Rxf7+ 33.
Ke2 Re7 34. Nf6 Bc5+ 35. Kd3 Na5 36. Nh5+ Kh7 37. Rf6 Re3+ 38. Kd2 Nc4+ 39. Kd1
Rd3+ 40. Kc2 Rd4 41. Nf4 Ne3+ 42. Kb1 Rb4+ 43. Ka2 Bd4 44. Nd3 Rxb5 45. Rd6 Nc2
46. g4 Nb4+ 47. Ka3 Nc2+ 48. Ka2 Be3 49. Re6 Bg1 50. Re1 Nxe1 0-1

[Event "World Blitz 2018"]
[Site "St Petersburg RUS"]
[Date "2018.12.29"]
[Round "8.17"]
[White "Nepomniachtchi, I."]
[Black "Bosiocic, Mari"]
[Result "1-0"]
[WhiteElo "2763"]
[BlackElo "2599"]
[PlyCount "108"]
[EventDate "2018.12.29"]
[EventType "swiss (blitz)"]
[EventRounds "21"]
[EventCountry "RUS"]
[SourceTitle "The Week in Chess 1260"]
[Source "Mark Crowther"]
[SourceDate "2018.12.31"]
[SourceVersion "2"]
[SourceVersionDate "2019.08.03"]
[SourceQuality "2"]

1. e4 d6 2. d4 Nf6 3. Nc3 g6 4. Nf3 Bg7 5. Be3 c6 6. a4 O-O 7. a5 Nbd7 8. h3
Qc7 9. Bc4 Nxe4 10. Bxf7+ Rxf7 11. Nxe4 Nf6 12. Nxf6+ exf6 13. O-O d5 14. Qd2
g5 15. Ne1 Bf5 16. Nd3 Re8 17. Rfe1 Rfe7 18. Qc3 h6 19. Nb4 a6 20. Nd3 Bc8 21.
Bd2 Re4 22. Nc5 Rxe1+ 23. Rxe1 Rxe1+ 24. Bxe1 f5 25. Nd3 f4 26. f3 Bf5 27. Ne5
c5 28. Bf2 Kh7 29. Kh2 Bf6 30. Nd3 c4 31. Ne5 Qd6 32. b3 Bxe5 33. dxe5 Qc6 34.
Qb4 Be6 35. Qe7+ Kg8 36. Bc5 Qd7 37. Qf6 Kh7 38. Bf8 cxb3 39. cxb3 d4 40. Qxh6+
Kg8 41. Bd6 Qf7 42. Qxg5+ Kh7 43. Bb4 Qf5 44. Qxf5+ Bxf5 45. Bd2 Be6 46. Bxf4
Bxb3 47. Bd2 Kg6 48. g4 Kf7 49. Kg3 Ke6 50. f4 Kd5 51. h4 Ke4 52. h5 Bf7 53. h6
Bg6 54. f5 Kd5 1-0

[Event "EU-Cup 29th"]
[Site "Rhodes"]
[Date "2013.10.22"]
[Round "3.2"]
[White "Karjakin, Sergey"]
[Black "Maki, Veijo"]
[Result "1-0"]
[WhiteElo "2762"]
[BlackElo "2379"]
[PlyCount "71"]
[EventDate "2013.10.20"]
[EventType "team-swiss"]
[EventRounds "7"]
[EventCountry "GRE"]
[SourceTitle "CBM 157"]
[Source "ChessBase"]
[SourceDate "2013.11.12"]
[SourceVersion "1"]
[SourceVersionDate "2013.11.12"]
[SourceQuality "1"]
[WhiteTeam "Malachite"]
[BlackTeam "Tammer"]
[WhiteTeamCountry "RUS"]
[BlackTeamCountry "FIN"]

1. e4 c5 2. Nf3 Nc6 3. d4 cxd4 4. Nxd4 g6 5. Nc3 Bg7 6. Be3 Nf6 7. Bc4 Qa5 8.
O-O O-O 9. Bb3 d6 10. h3 Bd7 11. Re1 Rac8 12. f4 Nh5 13. Nde2 Nf6 14. Qd2 Qh5
15. Ng3 Qh4 16. Bf2 Qh6 17. Nd5 Rfe8 18. Rad1 Be6 19. c3 b6 20. Ba4 Nd7 21. Bb5
Ncb8 22. Ba4 Bxd5 23. exd5 a6 24. Ne4 b5 25. Bc2 Nc5 26. Nxc5 dxc5 27. Be4 Nd7
28. d6 exd6 29. Qxd6 Nf6 30. Bb7 Rb8 31. Bxa6 b4 32. Bc4 bxc3 33. bxc3 Qh5 34.
Re5 Rxe5 35. fxe5 Ne8 36. Bxf7+ 1-0

[Event "RUS-chT"]
[Site "Sochi"]
[Date "2007.05.06"]
[Round "5"]
[White "Morozevich, Alexander"]
[Black "Ivanchuk, Vassily"]
[Result "0-1"]
[WhiteElo "2762"]
[BlackElo "2729"]
[PlyCount "118"]
[EventDate "2007.05.02"]
[EventType "team"]
[EventRounds "9"]
[EventCountry "RUS"]
[SourceTitle "CBM 118"]
[Source "ChessBase"]
[SourceDate "2007.05.31"]
[SourceVersion "1"]
[SourceVersionDate "2007.05.31"]
[SourceQuality "1"]

1. e4 c5 2. Nf3 e6 3. Nc3 a6 4. g3 Nc6 5. Bg2 d6 6. O-O Nf6 7. d4 cxd4 8. Nxd4
Bd7 9. Nb3 Be7 10. a4 O-O 11. a5 Ne5 12. f4 Nc4 13. g4 h6 14. Rf2 Rc8 15. g5
hxg5 16. fxg5 Ne8 17. h4 g6 18. Bh3 Ng7 19. Rg2 Re8 20. Bg4 d5 21. h5 gxh5 22.
Bxh5 d4 23. Bxf7+ Kxf7 24. g6+ Kg8 25. Qf3 Ne5 26. Qh3 Bf6 27. Qh7+ Kf8 28.
Nxd4 Ke7 29. Bg5 Kd6 30. Bxf6 Qxf6 31. Rf1 Qe7 32. Rd1 Kc7 33. Qh2 Qd6 34. Rg5
Nf5 35. exf5 exf5 36. Qf4 Kb8 37. g7 Ka8 38. Rg3 Qc5 39. Kf1 Ng4 40. Rdd3 Qe7
41. Kg2 Rc5 42. b4 Re5 43. b5 axb5 44. Qf3 Rc5 45. Nd5 Rxd5 46. a6 Qc5 47. c3
Bc6 48. Nxc6 bxc6 49. Rxg4 fxg4 50. Qf7 Re2+ 51. Kf1 Rf5+ 52. Kxe2 Qf2+ 53. Kd1
Qf1+ 54. Kd2 Rxf7 55. g8=Q+ Ka7 56. Qxg4 Rf2+ 57. Ke3 Qe1+ 58. Kd4 Qe7 59. c4
Rc2 0-1

[Event "London Classic rapid op 6th"]
[Site "London"]
[Date "2014.12.07"]
[Round "9"]
[White "Kramnik, Vladimir"]
[Black "Sadler, Matthew D"]
[Result "1/2-1/2"]
[WhiteElo "2760"]
[BlackElo "2653"]
[PlyCount "104"]
[EventDate "2014.12.06"]
[EventType "swiss (rapid)"]
[EventRounds "10"]
[EventCountry "ENG"]
[SourceTitle "CBM 163 Extra"]
[Source "ChessBase"]
[SourceDate "2014.12.23"]
[SourceVersion "1"]
[SourceVersionDate "2014.12.23"]
[SourceQuality "1"]

1. d4 d5 2. c4 e6 3. Nf3 c5 4. cxd5 exd5 5. g3 Nc6 6. Bg2 Nf6 7. O-O Be7 8.
dxc5 Bxc5 9. a3 Ne4 10. b4 Be7 11. Bb2 Bf6 12. Bxf6 Qxf6 13. Qxd5 Be6 14. Qxe4
Qxa1 15. b5 Nd8 16. Qb4 Qf6 17. Nd4 Qe7 18. Nd2 Qxb4 19. axb4 Rc8 20. Ra1 b6
21. Rxa7 Rc1+ 22. Nf1 O-O 23. Ra6 Rb1 24. Rxb6 Rxb4 25. Rd6 Bc4 26. b6 Ne6 27.
Nd2 Rd8 28. Nf5 Rxd6 29. Nxd6 Bxe2 30. b7 Nc5 31. Bd5 Ba6 32. Bxf7+ Kf8 33. Bd5
Nxb7 34. Bxb7 Bxb7 35. Nxb7 Rxb7 36. Kg2 Kf7 37. h4 Ra7 38. Ne4 h6 39. Kf3 Ke6
40. Kf4 Rf7+ 41. Ke3 Ke5 42. g4 Ra7 43. f4+ Kd5 44. Ng3 Ra3+ 45. Kf2 Ra2+ 46.
Kf3 Ra3+ 47. Kf2 Rb3 48. h5 Ra3 49. g5 Ke6 50. gxh6 gxh6 51. Kg2 Kf6 52. Kh3
Ra5 1/2-1/2

[Event "GCT Blitz Paris 2021"]
[Site "Paris FRA"]
[Date "2021.06.21"]
[Round "4.2"]
[White "Firouzja, Alireza"]
[Black "Aronian, L."]
[Result "1-0"]
[WhiteElo "2759"]
[BlackElo "2781"]
[PlyCount "113"]
[EventDate "2021.06.21"]
[EventType "tourn (blitz)"]
[EventRounds "18"]
[EventCountry "FRA"]
[EventCategory "21"]
[SourceTitle "The Week in Chess 1389"]
[Source "Mark Crowther"]
[SourceDate "2021.06.21"]
[SourceVersion "1"]
[SourceVersionDate "2021.06.21"]
[SourceQuality "2"]

1. d4 Nf6 2. Bg5 d5 3. e3 c5 4. Bxf6 gxf6 5. dxc5 e6 6. c4 dxc4 7. Nd2 Nd7 8.
Ngf3 Nxc5 9. Bxc4 Bg7 10. O-O O-O 11. Qc2 Bd7 12. a4 f5 13. Nd4 a5 14. b3 Rc8
15. Rac1 f4 16. N2f3 fxe3 17. fxe3 Qf6 18. Ne2 Qb2 19. Qd1 Rfd8 20. Nfd4 Ne4
21. Rc2 Qa3 22. Nf4 e5 23. Bxf7+ Kxf7 24. Nfe6+ Kg8 25. Nxd8 exd4 26. Rxc8 Bxc8
27. Qh5 Nd6 28. Qd5+ Kh8 29. Qxd6 Qxd6 30. Nf7+ Kg8 31. Nxd6 Be6 32. exd4 Bxd4+
33. Kh1 b6 34. Nc4 Kg7 35. Rd1 Bc5 36. Nxb6 Bxb3 37. Rb1 Be6 38. Rb5 Bb4 39.
Nd5 Bd2 40. Ne7 Bc4 41. Rc5 Bb3 42. Nc6 Bxa4 43. Nxa5 Be3 44. Re5 Bb6 45. Nc4
Bd8 46. Nd6 Bb6 47. Re6 Bc5 48. Ne4 Bf8 49. h3 Bb3 50. Rb6 Bd5 51. Ng3 Bc4 52.
Nf5+ Kg8 53. Kh2 Bd3 54. g4 Bc5 55. Rc6 Bf2 56. Kg2 Be4+ 57. Kxf2 1-0

[Event "Shenzhen Du Te Cup"]
[Site "Shenzhen"]
[Date "2017.03.30"]
[Round "7"]
[White "Harikrishna, Pentala"]
[Black "Adams, Michael"]
[Result "1-0"]
[WhiteElo "2758"]
[BlackElo "2761"]
[PlyCount "134"]
[EventDate "2017.03.23"]
[EventType "tourn"]
[EventRounds "10"]
[EventCountry "CHN"]
[EventCategory "21"]
[SourceTitle "CBM 178"]
[Source "ChessBase"]
[SourceDate "2017.05.14"]
[SourceVersion "1"]
[SourceVersionDate "2017.05.14"]
[SourceQuality "1"]

1. Nf3 d5 2. g3 Bg4 3. Bg2 c6 4. O-O e6 5. h3 Bh5 6. d4 Nf6 7. c4 Be7 8. Nc3
O-O 9. g4 Bg6 10. Ne5 Nbd7 11. Nxg6 hxg6 12. Qd3 dxc4 13. Qxc4 e5 14. dxe5 Nxe5
15. Qb3 Qc7 16. f4 Ned7 17. e4 Nc5 18. Qc2 Ne6 19. e5 Nd7 20. Ne2 g5 21. Bd2
gxf4 22. Nxf4 Qxe5 23. Kh1 Nxf4 24. Bxf4 Qc5 25. Qb3 Qb4 26. Qg3 Nf6 27. a3
Qxb2 28. Be5 Qc2 29. Rab1 b6 30. Rbc1 Qg6 31. Bxc6 Rac8 32. Bg2 Ne4 33. Qf3 Nd2
34. Qb7 Nxf1 35. Rxc8 Qb1 36. Qxe7 Rxc8 37. Qg5 Ne3+ 38. Kh2 Qg6 39. Qxe3 Rc2
40. Kh1 Ra2 41. Kg1 Qc2 42. Bf1 Qc5 43. Bd4 Qd6 44. Qe8+ Qf8 45. Qe4 Qxa3 46.
Qe5 Qf8 47. Bd3 Ra5 48. Qe4 g6 49. Bc4 Kh7 50. Qf4 Qe7 51. Kh2 a6 52. g5 Kg8
53. Qb8+ Qf8 54. Qxb6 Rxg5 55. Bxf7+ Kh7 56. Qc7 Kh6 57. Be3 Qg7 58. Qf4 Qb2+
59. Bd2 Kg7 60. Qxg5 Kxf7 61. Qd5+ Kg7 62. Kg3 Qa1 63. Qc5 Kf7 64. Qc4+ Ke7 65.
Bb4+ Kd7 66. Qd3+ Kc6 67. Qc3+ Kd5 1-0

[Event "Wch Blitz 9th"]
[Site "Berlin"]
[Date "2015.10.13"]
[Round "3"]
[White "Tomashevsky, Evgeny"]
[Black "Moiseenko, Alexander"]
[Result "1-0"]
[WhiteElo "2758"]
[BlackElo "2692"]
[PlyCount "77"]
[EventDate "2015.10.13"]
[EventType "swiss (blitz)"]
[EventRounds "21"]
[EventCountry "GER"]
[SourceTitle "CBM 168 Extra"]
[Source "ChessBase"]
[SourceDate "2015.10.29"]
[SourceVersion "1"]
[SourceVersionDate "2015.10.29"]
[SourceQuality "1"]

1. c4 e5 2. Nc3 Bb4 3. Nd5 Bc5 4. Nf3 e4 5. d4 Bf8 6. Ng5 c6 7. Nc3 f5 8. h4
Nf6 9. e3 d5 10. Qb3 a6 11. a4 Be7 12. Bd2 Ra7 13. Rc1 h6 14. Nh3 Be6 15. Nf4
Bf7 16. cxd5 cxd5 17. Ncxd5 O-O 18. Nxe7+ Qxe7 19. Ng6 Qd8 20. Bc4 b5 21. Bxf7+
Rfxf7 22. Ne5 bxa4 23. Nxf7 Rxf7 24. Qe6 Nbd7 25. Qxf5 Qb8 26. O-O h5 27. Qf4
Qxb2 28. Rc8+ Nf8 29. Ba5 a3 30. Qb8 N6d7 31. Qxb2 axb2 32. Rb1 Rf5 33. Bc3 Nb6
34. Rb8 Na4 35. Bxb2 Kf7 36. Ba3 Nd7 37. R8b7 Ke6 38. Ra7 Nf6 39. Rxa6+ 1-0

[Event "Beijing Sportaccord blitz"]
[Site "Beijing"]
[Date "2014.12.14"]
[Round "15"]
[White "Vachier Lagrave, Maxime"]
[Black "Mamedyarov, Shakhriyar"]
[Result "1-0"]
[WhiteElo "2758"]
[BlackElo "2765"]
[PlyCount "77"]
[EventDate "2014.12.13"]
[EventType "tourn (blitz)"]
[EventRounds "30"]
[EventCountry "CHN"]
[EventCategory "20"]
[SourceTitle "CBM 163 Extra"]
[Source "ChessBase"]
[SourceDate "2014.12.23"]
[SourceVersion "1"]
[SourceVersionDate "2014.12.23"]
[SourceQuality "1"]

1. e4 c6 2. d4 d5 3. e5 Bf5 4. Nf3 e6 5. Be2 Ne7 6. O-O Bg6 7. Nbd2 Nf5 8. Nb3
Nd7 9. a4 Be7 10. a5 a6 11. c4 dxc4 12. Bxc4 Qc7 13. h3 Rd8 14. Bf4 O-O 15. Qe2
Rfe8 16. Rfd1 Nh4 17. Ne1 c5 18. Rac1 Nf5 19. Nf3 Nxd4 20. Nfxd4 cxd4 21. Bxe6
d3 22. Qe3 Qxc1 23. Bxf7+ Bxf7 24. Nxc1 Bg6 25. Rxd3 Bxd3 26. Nxd3 Nf8 27. Qe4
Ne6 28. Be3 Kh8 29. f4 g6 30. Kh2 Ng7 31. Bb6 Rd7 32. Nc5 Rd2 33. Qxb7 Nf5 34.
Ne4 Rxb2 35. Nd6 Bh4 36. Nxf5 gxf5 37. e6 Rd2 38. Qa7 Bf6 39. Qf7 1-0

[Event "8th Sinquefield Cup 2021"]
[Site "Saint Louis USA"]
[Date "2021.08.25"]
[Round "8.5"]
[White "Dominguez Perez, L."]
[Black "Shankland, S."]
[Result "1/2-1/2"]
[WhiteElo "2758"]
[BlackElo "2709"]
[PlyCount "63"]
[EventDate "2021.08.17"]
[SourceVersionDate "2018.05.14"]

1. e4 c5 2. Nf3 d6 3. d4 cxd4 4. Nxd4 Nf6 5. Nc3 a6 6. Be3 e5 7. Nf3 Be7 8. Bc4
Nc6 9. Nd5 O-O 10. Bb6 Qd7 11. Nxf6+ Bxf6 12. Qd3 Ne7 13. O-O-O Qc6 14. Be3 b5
15. Bb3 Bb7 16. Qxd6 Qxd6 17. Rxd6 Bxe4 18. Nd2 Bb7 19. Bc5 Rac8 20. Rd7 Bxg2
21. Rg1 Rxc5 22. Rxg2 Nf5 23. Bd5 Nd4 24. Ne4 Rxc2+ 25. Kb1 Bd8 26. Bxf7+ Kh8
27. Bd5 Re2 28. Rg1 Nf5 29. Be6 Nd4 30. Bd5 Nf5 31. Be6 Nd4 32. Bd5 1/2-1/2

[Event "82nd Tata Steel GpA"]
[Site "Wijk aan Zee NED"]
[Date "2020.01.21"]
[Round "9.7"]
[White "Duda, J."]
[Black "Xiong, Jeffery"]
[Result "1/2-1/2"]
[WhiteElo "2758"]
[BlackElo "2712"]
[PlyCount "157"]
[EventDate "2020.01.11"]
[EventType "tourn"]
[EventRounds "13"]
[EventCountry "NED"]
[EventCategory "20"]
[SourceTitle "The Week in Chess 1316"]
[Source "Mark Crowther"]
[SourceDate "2020.01.27"]
[SourceVersion "1"]
[SourceVersionDate "2020.01.27"]
[SourceQuality "2"]

1. e4 e5 2. Nf3 Nc6 3. Bc4 Bc5 4. d3 Nf6 5. O-O d6 6. c3 a6 7. a4 Ba7 8. Na3
Ne7 9. Nc2 Ng6 10. Be3 Bxe3 11. Nxe3 O-O 12. a5 b5 13. axb6 cxb6 14. Re1 Bb7
15. h3 b5 16. Ba2 Qd7 17. Nh2 d5 18. Nhg4 Nxg4 19. hxg4 d4 20. Nd5 Qd6 21. cxd4
exd4 22. g3 a5 23. Kg2 Ne7 24. Nxe7+ Qxe7 25. Rh1 a4 26. Qf3 h6 27. Qf5 Bc8 28.
Qxb5 Ba6 29. Qf5 Bxd3 30. Bd5 Ra6 31. g5 Qxg5 32. Qxg5 hxg5 33. Rhd1 Be2 34.
Rxd4 g4 35. Rdxa4 Rh6 36. e5 Rh5 37. Rf4 Rxe5 38. Bxf7+ Rxf7 39. Ra8+ Kh7 40.
Rxf7 Bc4 41. Rd7 Bd5+ 42. Rxd5 Rxd5 43. Ra4 Rd2 44. Rb4 Kh6 45. Kf1 Kg5 46.
Rb5+ Kf6 47. Rb7 Rc2 48. Ke1 Kg6 49. Rb8 Kg5 50. Rb4 Kh5 51. Rb5+ Kg6 52. Rb7
Kf6 53. Rb8 Kg5 54. b4 Rb2 55. b5 Kg6 56. b6 Kg5 57. Rb7 Kf6 58. Kd1 Rxf2 59.
Rc7 Rb2 60. b7 g6 61. Kc1 Rb6 62. Kd2 Ke5 63. Kc3 Kd5 64. Rg7 Rb1 65. Kc2 Rb6
66. Kd3 Rb3+ 67. Kd2 Rb6 68. Ke3 Ke5 69. Re7+ Kf6 70. Rc7 Ke5 71. Kd3 Kd5 72.
Rd7+ Ke6 73. Rh7 Kd5 74. Rg7 Rb3+ 75. Ke2 Ke5 76. Kd2 Kd5 77. Kc2 Rb6 78. Kc3
Rb1 79. Rxg6 1/2-1/2